India States by Picture - Statistics

General Stats
  • This quiz has been taken 17 times
  • The average score is 16 of 36
Answer Stats
Picture Answer % Correct
Uttar Pradesh
92%
Maharashtra
83%
Punjab
67%
Kerala
58%
Lakshadweep
58%
Telangana
58%
West Bengal
58%
Andaman and Nicobar Islands
50%
Arunachal Pradesh
50%
Assam
50%
Delhi
50%
Goa
50%
Himachal Pradesh
50%
Jammu and Kashmir
50%
Karnataka
50%
Odisha
50%
Rajasthan
50%
Sikkim
50%
Tamil Nadu
50%
Jharkhand
42%
Puducherry
42%
Ladakh
33%
Madhya Pradesh
33%
Mizoram
33%
Nagaland
33%
Uttarakhand
33%
Andhra Pradesh
25%
Bihar
25%
Chandigarh
25%
Chhattisgarh
25%
Dadra and Nagar Haveli and Daman and Diu
25%
Gujarat
25%
Haryana
25%
Manipur
25%
Meghalaya
25%
Tripura
25%
No matching quizzes found
Score Distribution
Percent of People with Each Score
Percentile by Number Answered
Your Score History
You have not taken this quiz